[Event "3rd North Wales FIDE Open"]
[Site "Llandudno"]
[Date "2018.06.23"]
[Round "3.5"]
[White "Makkar, Rajat"]
[Black "Benson, Paul J"]
[Result "1-0"]
[WhiteElo "1835"]
[BlackElo "1951"]
[PlyCount "45"]
[EventDate "2018.06.22"]
[EventType "swiss"]
[EventRounds "5"]
[EventCountry "WLS"]
[SourceDate "2018.07.24"]

1. d4 f5 2. Nc3 Nf6 3. Bg5 e6 4. e4 fxe4 5. Nxe4 Be7 6. Bxf6 Bxf6 7. Nf3 O-O 8.
Bd3 Nc6 9. c3 d5 10. Nxf6+ gxf6 11. Qc2 Rf7 12. O-O-O Rb8 13. Rhe1 b5 14. Re3
Qd6 15. Nh4 e5 16. Rg3+ Kh8 17. Bxh7 e4 18. Ng6+ Kxh7 19. Qe2 Rg7 20. Qh5+ Kg8
21. Qh8+ Kf7 22. Ne5+ fxe5 23. Rxg7+ 1-0

[Event "3rd North Wales FIDE Open"]
[Site "Llandudno"]
[Date "2018.06.23"]
[Round "3.6"]
[White "Krupenko, Peter"]
[Black "De Coverly, Roger D"]
[Result "1/2-1/2"]
[WhiteElo "1716"]
[BlackElo "1939"]
[PlyCount "175"]
[EventDate "2018.06.22"]
[EventType "swiss"]
[EventRounds "5"]
[EventCountry "WLS"]
[SourceDate "2018.07.24"]

1. c4 Nf6 2. Nf3 g6 3. Nc3 Bg7 4. d4 O-O 5. g3 d5 6. Bg2 dxc4 7. O-O Nbd7 8.
Re1 c5 9. d5 Nb6 10. e4 Bg4 11. h3 Bxf3 12. Bxf3 Nfd7 13. Be3 Rc8 14. Qd2 a6
15. Be2 Na8 16. a4 Nc7 17. Bxc4 b5 18. axb5 axb5 19. Nxb5 Ne5 20. Qe2 Nxc4 21.
Qxc4 Bxb2 22. Rab1 Nxb5 23. Qxb5 Ba3 24. Qc4 Bb4 25. Red1 Qd7 26. Kg2 Rfe8 27.
Bd2 Bxd2 28. Rxd2 Rc7 29. Rb5 Qd6 30. Rc2 Rec8 31. Rcb2 g5 32. Rb6 Qe5 33. Rd2
Rd8 34. Rd3 Rd6 35. Rb8+ Kg7 36. Rb5 f5 37. exf5 Qxf5 38. Rd2 e6 39. Qc3+ Qf6
40. Qa5 Rf7 41. dxe6 Qf3+ 42. Kg1 Rxe6 43. Qa1+ Qf6 44. Qc1 Rfe7 45. Rd1 Re2
46. Qxc5 h6 47. Rb6 Qf3 48. Qd4+ Kh7 49. Rbb1 Qf5 50. Kg2 Qe4+ 51. Qxe4+ R2xe4
52. Rd2 Kg7 53. g4 Rf7 54. Rb3 Ref4 55. Kg3 R4f6 56. f3 Rf4 57. Rdd3 R4f6 58.
h4 Rf4 59. hxg5 hxg5 60. Rb5 Kh6 61. Rb6+ R7f6 62. Rxf6+ Rxf6 63. Kf2 Re6 64.
Rd4 Kg6 65. Re4 Ra6 66. Re5 Ra2+ 67. Kg3 Ra6 68. Rf5 Rb6 69. Kf2 Re6 70. Rd5
Rb6 71. Ke3 Re6+ 72. Kd4 Rf6 73. Ke4 Rf4+ 74. Ke3 Rf6 75. Re5 Ra6 76. Kd4 Rf6
77. Re3 Ra6 78. Rc3 Re6 79. Kd5 Kf6 80. Rc8 Re5+ 81. Kd4 Ra5 82. Rc6+ Kg7 83.
Rd6 Ra4+ 84. Ke5 Rf4 85. Rd7+ Kg6 86. Rd6+ Kg7 87. Rd3 Kg6 88. Rd6+ 1/2-1/2

[Event "3rd North Wales FIDE Open"]
[Site "Llandudno"]
[Date "2018.06.23"]
[Round "3.7"]
[White "Hayward, Philip"]
[Black "Camp, Imogen A L"]
[Result "1-0"]
[WhiteElo "1915"]
[BlackElo "1832"]
[PlyCount "51"]
[EventDate "2018.06.22"]
[EventType "swiss"]
[EventRounds "5"]
[EventCountry "WLS"]
[SourceDate "2018.07.24"]

1. c4 e6 2. g3 d5 3. Bg2 Nf6 4. Nf3 Nbd7 5. b3 c6 6. O-O Bd6 7. d4 Ne4 8. Bb2
f5 9. Nbd2 Ndf6 10. Ne5 Nxd2 11. Qxd2 Ne4 12. Qc2 O-O 13. c5 Bc7 14. b4 g5 15.
Rad1 h5 16. Bc1 Bxe5 17. dxe5 g4 18. Bh6 Re8 19. Qc1 Kh7 20. Bxe4 fxe4 21. f3
exf3 22. exf3 Qe7 23. fxg4 hxg4 24. Rf6 Qc7 25. Qf4 Kh8 26. Rf7 1-0

[Event "3rd North Wales FIDE Open"]
[Site "Llandudno"]
[Date "2018.06.23"]
[Round "3.8"]
[White "Brown, Geoffrey M"]
[Black "Crocker, Philip J"]
[Result "1-0"]
[WhiteElo "1877"]
[BlackElo "2109"]
[PlyCount "103"]
[EventDate "2018.06.22"]
[EventType "swiss"]
[EventRounds "5"]
[EventCountry "WLS"]
[SourceDate "2018.07.24"]

1. f4 d5 2. Nf3 Bg4 3. e3 Nd7 4. h3 Bxf3 5. Qxf3 c6 6. d3 e5 7. f5 Ngf6 8. e4
Bc5 9. g4 h6 10. Nd2 Qb6 11. Nb3 O-O-O 12. Bd2 Bb4 13. c3 Be7 14. h4 dxe4 15.
dxe4 Nc5 16. Bc4 Ncxe4 17. Be3 Bc5 18. Bxc5 Nxc5 19. Nxc5 Qxc5 20. Bxf7 Rd6 21.
b4 Qb5 22. Rd1 Rhd8 23. Rxd6 Rxd6 24. g5 Rd3 25. Qe2 Nd5 26. Be6+ Kd8 27. Bxd5
Qxd5 28. O-O Rd2 29. Qf3 Qxf3 30. Rxf3 hxg5 31. hxg5 Rxa2 32. f6 gxf6 33. Rxf6
Rd2 34. g6 Ke7 35. Rf7+ Ke6 36. Rxb7 Kf6 37. g7 Rd8 38. Rxa7 Rg8 39. Kf2 Ke6
40. c4 e4 41. Ke3 Ke5 42. Rc7 Kd6 43. Rb7 Ke5 44. b5 cxb5 45. Rxb5+ Kd6 46. Rg5
Ke6 47. Kxe4 Kf6 48. Kf4 Kf7 49. Kf5 Ke7 50. Kg6 Ke6 51. c5 Kd7 52. Kf7 1-0

[Event "3rd North Wales FIDE Open"]
[Site "Llandudno"]
[Date "2018.06.23"]
[Round "3.9"]
[White "Paterson, Andrew I"]
[Black "Burns, Martin J"]
[Result "1/2-1/2"]
[WhiteElo "2020"]
[BlackElo "1921"]
[PlyCount "91"]
[EventDate "2018.06.22"]
[EventType "swiss"]
[EventRounds "5"]
[EventCountry "WLS"]
[SourceDate "2018.07.24"]

1. c4 Nf6 2. Nc3 e5 3. g3 d6 4. Bg2 Nc6 5. d3 Be7 6. Rb1 O-O 7. b4 a6 8. a4 Nd4
9. Nf3 Nxf3+ 10. Bxf3 c6 11. O-O Bg4 12. Bh1 Qd7 13. a5 d5 14. Na4 Rad8 15. Nb6
Qf5 16. Qc2 Qh5 17. f3 Bh3 18. Bg2 Bxg2 19. Kxg2 e4 20. cxd5 exf3+ 21. Rxf3
Nxd5 22. Nxd5 Rxd5 23. e4 Rb5 24. Bd2 Qg6 25. Bc3 Qe6 26. h3 Rh5 27. g4 Rb5 28.
Rb2 Rc8 29. Qd2 Rd8 30. Qf2 f6 31. Qc2 Bd6 32. Rf2 Re8 33. Rf3 Bc7 34. Qb3 Qxb3
35. Rxb3 Rd8 36. d4 Bxa5 37. e5 fxe5 38. dxe5 Bb6 39. e6 Re8 40. Rf7 Rxe6 41.
Rxg7+ Kf8 42. Rb1 Re7 43. Rf1+ Ke8 44. Re1 Rxe1 45. Bxe1 h5 46. Rxb7 1/2-1/2

[Event "3rd North Wales FIDE Open"]
[Site "Llandudno"]
[Date "2018.06.23"]
[Round "3.10"]
[White "Gogia, Armaan"]
[Black "Mueller, Jens"]
[Result "1/2-1/2"]
[WhiteElo "1679"]
[BlackElo "2008"]
[PlyCount "38"]
[EventDate "2018.06.22"]
[EventType "swiss"]
[EventRounds "5"]
[EventCountry "WLS"]
[SourceDate "2018.07.24"]

1. e4 g6 2. d4 Bg7 3. Nf3 d6 4. Nc3 Nf6 5. Be3 Nbd7 6. Qd2 c6 7. a4 e5 8. Bc4
O-O 9. h3 Qe7 10. dxe5 dxe5 11. O-O Nb6 12. Bb3 Be6 13. Bxe6 Qxe6 14. b3 Rfd8
15. Qe2 Qe7 16. Rad1 Nh5 17. g3 Rxd1 18. Rxd1 Rd8 19. Kg2 Rxd1 1/2-1/2

[Event "3rd North Wales FIDE Open"]
[Site "Llandudno"]
[Date "2018.06.23"]
[Round "3.11"]
[White "Niedbal, Piotr"]
[Black "Taylor, Mark V"]
[Result "1-0"]
[WhiteElo "1900"]
[BlackElo "1978"]
[PlyCount "45"]
[EventDate "2018.06.22"]
[EventType "swiss"]
[EventRounds "5"]
[EventCountry "WLS"]
[SourceDate "2018.07.24"]

1. e4 e6 2. d4 d5 3. Nd2 Nc6 4. c3 e5 5. Ngf3 exd4 6. cxd4 dxe4 7. Nxe4 Bb4+ 8.
Nc3 Nf6 9. Be2 O-O 10. O-O Bg4 11. Be3 Re8 12. Rc1 Qe7 13. Re1 Rad8 14. h3 Bh5
15. Qb3 Ne4 16. Rcd1 h6 17. a3 Bxc3 18. bxc3 Ng3 19. Qxb7 Nxe2+ 20. Rxe2 Bxf3
21. gxf3 Rd6 22. Qb5 Qh4 23. Bg5 1-0

[Event "3rd North Wales FIDE Open"]
[Site "Llandudno"]
[Date "2018.06.24"]
[Round "4.1"]
[White "Willow, Jonah B"]
[Black "Surtees, Mike J"]
[Result "1-0"]
[WhiteElo "2210"]
[BlackElo "2167"]
[PlyCount "65"]
[EventDate "2018.06.22"]
[EventType "swiss"]
[EventRounds "5"]
[EventCountry "WLS"]
[SourceDate "2018.07.24"]

1. e4 c6 2. d4 d5 3. e5 Bf5 4. h4 h5 5. c4 e6 6. Nc3 Nd7 7. cxd5 cxd5 8. Bd3
Bxd3 9. Qxd3 Ne7 10. Nf3 Nc6 11. O-O Be7 12. Bg5 a6 13. Ne2 Nf8 14. Rac1 f6 15.
Bf4 Kf7 16. Rfe1 Ng6 17. g3 Qb6 18. Nc3 Nxf4 19. gxf4 f5 20. Nxd5 exd5 21.
Qxf5+ Ke8 22. Qe6 Rd8 23. f5 Kf8 24. f6 gxf6 25. exf6 Bb4 26. Ne5 Rg8+ 27. Kh1
Qc7 28. Rg1 Qh7 29. Rxg8+ Qxg8 30. f7 Qh7 31. Ng6+ Kg7 32. Rg1 Nxd4 33. Ne7+
1-0

[Event "3rd North Wales FIDE Open"]
[Site "Llandudno"]
[Date "2018.06.24"]
[Round "4.2"]
[White "Shakespeare, John"]
[Black "Carroll, Thomas"]
[Result "1/2-1/2"]
[WhiteElo "1943"]
[BlackElo "1914"]
[PlyCount "112"]
[EventDate "2018.06.22"]
[EventType "swiss"]
[EventRounds "5"]
[EventCountry "WLS"]
[SourceDate "2018.07.24"]

1. c4 Nf6 2. Nc3 c6 3. d4 d5 4. Nf3 a6 5. g3 e6 6. Bg2 Bb4 7. O-O O-O 8. Qc2
Nbd7 9. a3 Bxc3 10. Qxc3 Ne4 11. Qc2 f5 12. Nd2 Ndf6 13. f3 Nxd2 14. Bxd2 Bd7
15. Bb4 Rf7 16. e4 g6 17. e5 Ne8 18. c5 Ng7 19. Bd2 Qe7 20. Qb3 Be8 21. f4 Nh5
22. Rf3 h6 23. h4 Rg7 24. Kf2 Qc7 25. Rh1 Rh7 26. Qb4 Bd7 27. Rb3 Bc8 28. Bf3
Rf7 29. Qb6 Qe7 30. Ba5 Ng7 31. Qd8+ Ne8 32. Qxe7 Rxe7 33. Be2 Rh7 34. Bd2 h5
35. Ba5 Nc7 36. a4 Rf7 37. Ra1 Kf8 38. Bb6 a5 39. Raa3 Rd7 40. Bxc7 Rxc7 41.
Rb6 Ke7 42. Ra2 Kd8 43. b4 axb4 44. a5 Ra7 45. Rxb4 Re7 46. Rb6 Kc7 47. Ke3 Kb8
48. Kd2 Ka8 49. Kc3 Rc7 50. Kb4 Re7 51. Ka4 Rg7 52. Rab2 Re7 53. R2b4 Rc7 54.
a6 Re7 55. Kb3 Rc7 56. Kc3 Re7 1/2-1/2

[Event "3rd North Wales FIDE Open"]
[Site "Llandudno"]
[Date "2018.06.24"]
[Round "4.3"]
[White "Jones, Steven A"]
[Black "Makkar, Rajat"]
[Result "1-0"]
[WhiteElo "2222"]
[BlackElo "1835"]
[PlyCount "107"]
[EventDate "2018.06.22"]
[EventType "swiss"]
[EventRounds "5"]
[EventCountry "WLS"]
[SourceDate "2018.07.24"]

1. e4 e5 2. Bc4 Nf6 3. d4 Nxe4 4. dxe5 c6 5. Qe2 Nc5 6. Nf3 Be7 7. O-O O-O 8.
b4 Ne6 9. a3 d5 10. exd6 Bf6 11. Ra2 Qxd6 12. Rd1 Qc7 13. Nbd2 Nf4 14. Qe3 Nd5
15. Bxd5 cxd5 16. Nb3 Be6 17. Nc5 Qe7 18. Nd4 Bxd4 19. Rxd4 Nc6 20. Nxe6 fxe6
21. Rd2 Rad8 22. Bb2 b5 23. Ra1 e5 24. Qb3 Qf7 25. Rad1 d4 26. Qxf7+ Rxf7 27.
c3 Rfd7 28. cxd4 Nxd4 29. Kf1 g5 30. Re1 Rd5 31. Bxd4 exd4 32. Re7 d3 33. Rxa7
Rc8 34. f3 Rc1+ 35. Kf2 Rb1 36. g3 h6 37. f4 g4 38. Rc7 Rb3 39. Rc5 Rxc5 40.
bxc5 Rxa3 41. Ke3 Ra4 42. Kxd3 Ra5 43. Kc3 Ra4 44. Kb3 Kf7 45. c6 Ke7 46. f5
Ra7 47. Kb4 Kf6 48. Kxb5 Kxf5 49. Kb6 Ra1 50. c7 Rb1+ 51. Kc6 Rc1+ 52. Kd7 h5
53. c8=Q Rxc8 54. Kxc8 1-0

[Event "3rd North Wales FIDE Open"]
[Site "Llandudno"]
[Date "2018.06.24"]
[Round "4.4"]
[White "Sciupokas, Arunas"]
[Black "Jameson, David"]
[Result "1/2-1/2"]
[WhiteElo "1944"]
[BlackElo "2064"]
[PlyCount "60"]
[EventDate "2018.06.22"]
[EventType "swiss"]
[EventRounds "5"]
[EventCountry "WLS"]
[SourceDate "2018.07.24"]

1. e4 e5 2. Nf3 Nf6 3. Nc3 Nc6 4. d4 exd4 5. Nxd4 Bb4 6. Nxc6 bxc6 7. Bd3 d5 8.
exd5 cxd5 9. O-O O-O 10. Bg5 c6 11. Qf3 Rb8 12. Bxf6 Qxf6 13. Qxf6 gxf6 14. Ne2
Re8 15. Rab1 Bd7 16. Ng3 Re5 17. f4 Re3 18. Nh5 Be7 19. Rfe1 d4 20. Kf2 Bg4 21.
Ng3 Re8 22. h3 f5 23. Rxe3 dxe3+ 24. Kxe3 Bc5+ 25. Kd2 Be3+ 26. Kc3 Bxf4 27.
hxg4 Bxg3 28. gxf5 Kg7 29. Rh1 Be5+ 30. Kc4 Bxb2 1/2-1/2

[Event "3rd North Wales FIDE Open"]
[Site "Llandudno"]
[Date "2018.06.24"]
[Round "4.5"]
[White "De Coverly, Roger D"]
[Black "Hayward, Philip"]
[Result "0-1"]
[WhiteElo "1939"]
[BlackElo "1915"]
[PlyCount "62"]
[EventDate "2018.06.22"]
[EventType "swiss"]
[EventRounds "5"]
[EventCountry "WLS"]
[SourceDate "2018.07.24"]

1. Nf3 f5 2. d4 Nf6 3. g3 g6 4. Bg2 Bg7 5. O-O O-O 6. c4 d6 7. Nc3 Qe8 8. d5 a5
9. Nd4 Na6 10. b3 Bd7 11. Bb2 Nc5 12. a3 c6 13. Rb1 Nfe4 14. Nxe4 Nxe4 15. f3
Nf6 16. Qd2 Qd8 17. e4 Qb6 18. Kh1 fxe4 19. fxe4 Ng4 20. h3 Ne5 21. Qe3 a4 22.
Nf5 Qxe3 23. Nxe3 Rxf1+ 24. Nxf1 cxd5 25. Bxe5 Bxe5 26. exd5 Bf5 27. Re1 axb3
28. g4 Bd3 29. Nd2 Rxa3 30. Bf1 Bxf1 31. Rxf1 b2 0-1

[Event "3rd North Wales FIDE Open"]
[Site "Llandudno"]
[Date "2018.06.24"]
[Round "4.6"]
[White "Gamble, Raymond J"]
[Black "Burnett, Jim"]
[Result "0-1"]
[WhiteElo "1874"]
[BlackElo "2105"]
[PlyCount "72"]
[EventDate "2018.06.22"]
[EventType "swiss"]
[EventRounds "5"]
[EventCountry "WLS"]
[SourceDate "2018.07.24"]

1. d4 d5 2. Nf3 c6 3. e3 Bf5 4. Bd3 Bxd3 5. Qxd3 Nf6 6. Nbd2 e6 7. b3 Be7 8.
Bb2 O-O 9. O-O Nbd7 10. e4 dxe4 11. Nxe4 Qb6 12. Ne5 Rad8 13. Nc4 Qc7 14. Qf3
Nxe4 15. Qxe4 Bf6 16. Rad1 b5 17. Ne5 c5 18. Nxd7 Rxd7 19. c3 cxd4 20. cxd4
Rfd8 21. Rfe1 Qb6 22. h3 Bxd4 23. Bxd4 Rxd4 24. Rxd4 Rxd4 25. Qe2 Rd5 26. Rc1
g6 27. Qb2 Qd8 28. Qc3 a5 29. a4 b4 30. Qc2 Rd3 31. Qc4 Kg7 32. g3 Rd1+ 33. Kh2
Rxc1 34. Qxc1 Qd4 35. Kg2 Qd5+ 36. Kg1 Qxb3 0-1

[Event "3rd North Wales FIDE Open"]
[Site "Llandudno"]
[Date "2018.06.24"]
[Round "4.8"]
[White "Krupenko, Peter"]
[Black "Niedbal, Piotr"]
[Result "1/2-1/2"]
[WhiteElo "1716"]
[BlackElo "1900"]
[PlyCount "78"]
[EventDate "2018.06.22"]
[EventType "swiss"]
[EventRounds "5"]
[EventCountry "WLS"]
[SourceDate "2018.07.24"]

1. c4 Nf6 2. Nf3 g6 3. Nc3 Bg7 4. d4 O-O 5. g3 d6 6. Bg2 c5 7. O-O Nc6 8. h3
Qc7 9. d5 Nb8 10. Nd2 a6 11. Kh2 Bd7 12. a4 b6 13. f4 Ra7 14. e4 e6 15. Nf3
exd5 16. cxd5 b5 17. axb5 axb5 18. Rxa7 Qxa7 19. e5 Ne8 20. Be3 Qc7 21. Rf2 Na6
22. Ne4 Bf5 23. exd6 Nxd6 24. Nxd6 Qxd6 25. Nh4 Bc8 26. Rc2 Rd8 27. Qc1 c4 28.
Qg1 Bb7 29. Bb6 Re8 30. Bd4 Bxd4 31. Qxd4 Nb4 32. Rd2 Rd8 33. f5 Bxd5 34. f6
Nd3 35. Re2 Be6 36. Qe3 Qf8 37. Qg5 Qc5 38. Qh6 Qf8 39. Qg5 Qc5 1/2-1/2

[Event "3rd North Wales FIDE Open"]
[Site "Llandudno"]
[Date "2018.06.24"]
[Round "4.9"]
[White "Paterson, Andrew I"]
[Black "Gogia, Armaan"]
[Result "1-0"]
[WhiteElo "2020"]
[BlackElo "1679"]
[PlyCount "69"]
[EventDate "2018.06.22"]
[EventType "swiss"]
[EventRounds "5"]
[EventCountry "WLS"]
[SourceDate "2018.07.24"]

1. d4 Nf6 2. c4 g6 3. Nc3 Bg7 4. e4 d6 5. Nf3 O-O 6. Be2 e5 7. O-O Nc6 8. d5
Ne7 9. Ne1 Nd7 10. f3 f5 11. g4 f4 12. b4 a5 13. bxa5 Rxa5 14. a4 Nc5 15. Ba3
Bd7 16. Bb4 Ra8 17. Nd3 b6 18. Qc2 Nc8 19. Rfb1 h5 20. gxh5 Qg5+ 21. Kh1 Qxh5
22. Rg1 Kf7 23. Bd1 Rh8 24. Bxc5 dxc5 25. Nb5 Bxb5 26. cxb5 Nd6 27. Rg2 Nxb5
28. Nxc5 Nd4 29. Qc4 bxc5 30. d6+ Kf6 31. dxc7 Nxf3 32. Raa2 Qh4 33. Bxf3 Qe1+
34. Rg1 Rxh2+ 35. Rxh2 1-0

[Event "3rd North Wales FIDE Open"]
[Site "Llandudno"]
[Date "2018.07.24"]
[Round "4.10"]
[White "Mueller, Jens"]
[Black "Camp, Imogen A L"]
[Result "1/2-1/2"]
[WhiteElo "2008"]
[BlackElo "1832"]
[PlyCount "92"]
[EventDate "2018.06.22"]
[EventType "swiss"]
[EventRounds "5"]
[EventCountry "WLS"]
[SourceDate "2018.07.24"]

1. d4 d5 2. Bf4 Nf6 3. e3 e6 4. Nd2 Bd6 5. Bg3 O-O 6. Bd3 c5 7. c3 b6 8. Qe2
Bb7 9. Ngf3 Nc6 10. Ne5 Qc7 11. f4 Ne7 12. O-O Ne4 13. Rf3 f6 14. Ng4 a6 15.
Raf1 b5 16. a3 c4 17. Bc2 a5 18. Be1 f5 19. Ne5 b4 20. axb4 axb4 21. Rh3 bxc3
22. Nxe4 fxe4 23. Bxc3 Bxe5 24. dxe5 Nc6 25. Qh5 g6 26. Qg4 Rf5 27. Rh6 Qg7 28.
Qh3 Raf8 29. g4 R5f7 30. g5 Bc8 31. Qg2 Rd8 32. Ba4 Bd7 33. Bxc6 Bxc6 34. h4
Rf5 35. h5 Be8 36. Ra1 Qd7 37. hxg6 Bxg6 38. Bd4 Rb8 39. Qd2 Rff8 40. Ra7 Rb7
41. Qa5 Rxa7 42. Qxa7 Qxa7 43. Bxa7 Kf7 44. Rh1 Ra8 45. Bd4 Ra1+ 46. Kg2 Rxh1
1/2-1/2

[Event "3rd North Wales FIDE Open"]
[Site "Llandudno"]
[Date "2018.06.24"]
[Round "4.11"]
[White "Whitehead, Mark A"]
[Black "Benson, Paul J"]
[Result "1-0"]
[WhiteElo "1913"]
[BlackElo "1951"]
[PlyCount "89"]
[EventDate "2018.06.22"]
[EventType "swiss"]
[EventRounds "5"]
[EventCountry "WLS"]
[SourceDate "2018.07.24"]

1. e4 c5 2. Nc3 Nc6 3. g3 g6 4. Bg2 Bg7 5. d3 e6 6. Be3 b6 7. Qd2 Bb7 8. Nh3 d6
9. O-O Nge7 10. Bh6 O-O 11. Bxg7 Kxg7 12. f4 Qd7 13. Rae1 Rae8 14. Ng5 f6 15.
Nf3 d5 16. e5 f5 17. Nb5 Nc8 18. c3 a6 19. Na3 b5 20. d4 c4 21. Nc2 Nb6 22. Ne3
Kh8 23. h3 a5 24. g4 Nd8 25. Ng5 Qg7 26. Re2 Qh6 27. Ref2 Nf7 28. Nxe6 Rxe6 29.
gxf5 Ree8 30. Ng4 Qh4 31. Nf6 Re7 32. Qc2 g5 33. Qd2 h6 34. Qe2 Nd6 35. fxg5
hxg5 36. Qg4 Qxg4 37. hxg4 Ne8 38. Nh5 Nc7 39. Bf3 Nd7 40. Rh2 Rh7 41. Kg2 Kg8
42. Rfh1 Kf7 43. e6+ Nxe6 44. fxe6+ Kxe6 45. Nf4+ 1-0

[Event "3rd North Wales FIDE Open"]
[Site "Llandudno"]
[Date "2018.07.24"]
[Round "4.12"]
[White "Burns, Martin J"]
[Black "Crocker, Philip J"]
[Result "0-1"]
[WhiteElo "1921"]
[BlackElo "2109"]
[PlyCount "82"]
[EventDate "2018.06.22"]
[EventType "swiss"]
[EventRounds "5"]
[EventCountry "WLS"]
[SourceDate "2018.07.24"]

1. e4 Nf6 2. Nc3 d5 3. exd5 Nxd5 4. Bc4 Nb6 5. Bb3 Nc6 6. Nf3 Bf5 7. d3 e6 8.
Be3 Be7 9. h3 Nd5 10. Nxd5 exd5 11. c3 O-O 12. O-O Qd7 13. Bc2 Bd6 14. d4 Rfe8
15. Bxf5 Qxf5 16. Nh4 Qf6 17. Qg4 Re4 18. Bg5 Rxg4 19. Bxf6 Re4 20. Bg5 f6 21.
f3 Re2 22. Bc1 g6 23. f4 Rae8 24. Nf3 R8e4 25. g3 Ne7 26. Rf2 Nf5 27. Kg2 c5
28. g4 Ne7 29. Rxe2 Rxe2+ 30. Kf1 Rc2 31. Rb1 cxd4 32. cxd4 Nc6 33. f5 gxf5 34.
gxf5 Ne7 35. Be3 Nxf5 36. Bf2 Bg3 37. Bxg3 Nxg3+ 38. Kg1 Kf7 39. a3 Ne2+ 40.
Kf1 Nf4 41. h4 Nd3 0-1

[Event "3rd North Wales FIDE Open"]
[Site "Llandudno"]
[Date "2018.06.24"]
[Round "5.1"]
[White "Carroll, Thomas"]
[Black "Willow, Jonah B"]
[Result "0-1"]
[WhiteElo "1914"]
[BlackElo "2210"]
[PlyCount "80"]
[EventDate "2018.06.22"]
[EventType "swiss"]
[EventRounds "5"]
[EventCountry "WLS"]
[SourceDate "2018.07.24"]

1. d4 Nf6 2. Bg5 e6 3. e4 h6 4. Bxf6 Qxf6 5. c3 e5 6. Nf3 d6 7. h3 Be7 8. Be2
O-O 9. Nbd2 Nc6 10. Nf1 Qg6 11. Ng3 Bg5 12. Nxg5 Qxg5 13. Bg4 exd4 14. cxd4
Qa5+ 15. Qd2 Qxd2+ 16. Kxd2 Nxd4 17. Rac1 c5 18. Ne2 Nxe2 19. Bxe2 Be6 20. b3
Rfd8 21. Ke3 Kf8 22. Rhd1 Ke7 23. Bf3 f6 24. Be2 a5 25. Bb5 Bd7 26. Bxd7 Rxd7
27. a4 b5 28. axb5 Rb7 29. Rd3 Rxb5 30. f4 Rab8 31. Rcc3 g6 32. f5 gxf5 33.
exf5 Rd8 34. Ke4 d5+ 35. Rxd5 Rb4+ 36. Rc4 Rxc4+ 37. bxc4 Rxd5 38. cxd5 Kd6 39.
g4 a4 40. Kd3 Kxd5 0-1

[Event "3rd North Wales FIDE Open"]
[Site "Llandudno"]
[Date "2018.06.24"]
[Round "5.2"]
[White "Hayward, Philip"]
[Black "Jones, Steven A"]
[Result "1-0"]
[WhiteElo "1915"]
[BlackElo "2222"]
[PlyCount "55"]
[EventDate "2018.06.22"]
[EventType "swiss"]
[EventRounds "5"]
[EventCountry "WLS"]
[SourceDate "2018.07.24"]

1. c4 Nf6 2. g3 e5 3. Bg2 c6 4. d4 exd4 5. Qxd4 Na6 6. Nf3 Bc5 7. Qe5+ Be7 8.
O-O O-O 9. Nc3 Re8 10. Qd4 Nc7 11. e4 d6 12. h3 a5 13. b3 Ne6 14. Qd1 Nc5 15.
Qc2 Bf8 16. Nd4 g6 17. Bg5 h6 18. Bf4 Qc7 19. Rad1 Bd7 20. Kh2 Nh5 21. Bc1 Bg7
22. f4 Rad8 23. Ba3 Qb6 24. Nde2 Bc8 25. Rd2 f5 26. exf5 Bxf5 27. Qd1 Bd3 28.
Bxc5 1-0

[Event "3rd North Wales FIDE Open"]
[Site "Llandudno"]
[Date "2018.06.24"]
[Round "5.3"]
[White "Burnett, Jim"]
[Black "Shakespeare, John"]
[Result "1/2-1/2"]
[WhiteElo "2105"]
[BlackElo "1943"]
[PlyCount "43"]
[EventDate "2018.06.22"]
[EventType "swiss"]
[EventRounds "5"]
[EventCountry "WLS"]
[SourceDate "2018.07.24"]

1. d4 e6 2. Nf3 Nf6 3. c4 b6 4. a3 Bb7 5. Nc3 d5 6. cxd5 Nxd5 7. e3 Be7 8. Bb5+
c6 9. Bd3 Nd7 10. O-O O-O 11. Re1 Qc7 12. Bd2 Nxc3 13. Bxc3 c5 14. Rc1 Rac8 15.
dxc5 Nxc5 16. Bd4 Qb8 17. Bb1 Rfd8 18. b4 Ne4 19. Qe2 Rxc1 20. Rxc1 Rc8 21. Qb2
Bf8 22. Rxc8 1/2-1/2

[Event "3rd North Wales FIDE Open"]
[Site "Llandudno"]
[Date "2018.06.24"]
[Round "5.4"]
[White "Surtees, Mike J"]
[Black "Jameson, David"]
[Result "0-1"]
[WhiteElo "2167"]
[BlackElo "2064"]
[PlyCount "62"]
[EventDate "2018.06.22"]
[EventType "swiss"]
[EventRounds "5"]
[EventCountry "WLS"]
[SourceDate "2018.07.24"]

1. e4 e6 2. a3 d5 3. e5 c5 4. b4 Nc6 5. f4 cxb4 6. axb4 Bxb4 7. c3 Ba5 8. Na3
a6 9. Qg4 g6 10. Qh3 Nge7 11. Nf3 Bd7 12. Bd3 b5 13. Qh6 Qb6 14. Ng5 Qc5 15.
Bb2 b4 16. Nb1 bxc3 17. Nxc3 Nb4 18. Bb1 Nf5 19. Bxf5 exf5 20. Kd1 d4 21. Qg7
Rf8 22. Nxh7 dxc3 23. Bxc3 O-O-O 24. e6 Bxe6 25. Rb1 Rxd2+ 26. Bxd2 Qc2+ 27.
Ke2 Bc4+ 28. Kf3 Qd3+ 29. Be3 Qe2+ 30. Kg3 Qxe3+ 31. Kh4 Qxf4+ 0-1

[Event "3rd North Wales FIDE Open"]
[Site "Llandudno"]
[Date "2018.06.24"]
[Round "5.5"]
[White "Sciupokas, Arunas"]
[Black "Brown, Geoffrey M"]
[Result "1/2-1/2"]
[WhiteElo "1944"]
[BlackElo "1877"]
[PlyCount "52"]
[EventDate "2018.06.22"]
[EventType "swiss"]
[EventRounds "5"]
[EventCountry "WLS"]
[SourceDate "2018.07.24"]

1. e4 e6 2. d4 d5 3. Nd2 Nf6 4. e5 Nfd7 5. Bd3 c5 6. c3 Nc6 7. Ne2 cxd4 8. cxd4
f6 9. exf6 Nxf6 10. Nf3 Bd6 11. O-O Qc7 12. Bg5 O-O 13. Rc1 Bd7 14. Ng3 Be8 15.
Qe1 Qe7 16. a3 h6 17. Be3 Nh5 18. Bb5 Nf4 19. Bxf4 Bxf4 20. Rc3 Rc8 21. Ne2 Bc7
22. Re3 Bh5 23. Bxc6 Bxf3 24. Ng3 Bxg3 25. hxg3 Rxc6 26. gxf3 Rf6 1/2-1/2

[Event "3rd North Wales FIDE Open"]
[Site "Llandudno"]
[Date "2018.06.24"]
[Round "5.6"]
[White "Niedbal, Piotr"]
[Black "Paterson, Andrew I"]
[Result "0-1"]
[WhiteElo "1900"]
[BlackElo "2020"]
[PlyCount "176"]
[EventDate "2018.06.22"]
[EventType "swiss"]
[EventRounds "5"]
[EventCountry "WLS"]
[SourceDate "2018.07.24"]

1. e4 c5 2. Nf3 Nc6 3. d4 cxd4 4. Nxd4 e5 5. Nb5 d6 6. N1c3 a6 7. Na3 Be7 8.
Nd5 Nf6 9. Nxf6+ Bxf6 10. Nc4 O-O 11. Qxd6 Qxd6 12. Nxd6 Nb4 13. Bd3 Rd8 14.
Nxc8 Raxc8 15. O-O Nxc2 16. Bxc2 Rxc2 17. Rb1 h6 18. Be3 Bg5 19. Bxg5 hxg5 20.
Rfc1 Rdd2 21. Rxc2 Rxc2 22. Kf1 g4 23. a3 b5 24. b4 f6 25. Rb3 Kf7 26. Rg3 Ra2
27. Rc3 Kg6 28. Rg3 Kh5 29. Ke1 Kh4 30. Re3 Ra1+ 31. Ke2 Rh1 32. Rc3 Rxh2 33.
g3+ Kh3 34. Rc7 Rh1 35. Rxg7 Ra1 36. Rg6 Rxa3 37. Rxf6 Kg2 38. Rg6 Ra2+ 39. Ke3
Rxf2 40. Rxg4 Rf3+ 41. Ke2 Rxg3 42. Rh4 Rb3 43. Rh5 Rxb4 44. Rg5+ Kh3 45. Rxe5
a5 46. Kd3 a4 47. Rg5 Kh4 48. Rg1 Rb3+ 49. Kc2 b4 50. e5 Re3 51. Rd1 Kg5 52.
Rd4 Rb3 53. Rd5 Kf5 54. Ra5 Rc3+ 55. Kb2 a3+ 56. Ka2 Rc2+ 57. Kb1 Rb2+ 58. Ka1
Ke6 59. Ra6+ Kd5 60. e6 Re2 61. e7 Kc4 62. Rc6+ Kb3 63. Rc1 Rxe7 64. Rh1 Re2
65. Kb1 Rd2 66. Ka1 Kc3 67. Rc1+ Kd3 68. Rg1 Kc3 69. Rc1+ Kb3 70. Rh1 Ka4 71.
Rh4 Kb5 72. Rh3 Kc4 73. Rh4+ Rd4 74. Rh1 b3 75. Rc1+ Kd5 76. Rh1 Rd2 77. Rg1
Kd4 78. Rh1 Kd3 79. Kb1 Rb2+ 80. Ka1 Re2 81. Kb1 Kd2 82. Rg1 Re1+ 83. Rxe1 Kxe1
84. Kc1 Ke2 85. Kb1 Kd2 86. Ka1 Kc3 87. Kb1 b2 88. Ka2 Kc2 0-1